| 000 | 01222nam a2200289 a 4500 | ||
|---|---|---|---|
| 001 | BRCA_4645 | ||
| 005 | 20190320204740.0 | ||
| 008 | 290910s1935----mx-#######---#000-0#spa-# | ||
| 041 | _aspa | ||
| 044 | _amx | ||
| 050 | 4 |
_aKGF2714 _b.C66 2 1935 |
|
| 245 | 1 | 0 |
_aLa Compañía Mexicana de Petróleo ´El Aguila´, S. A. _bfrente a los ataques de que está siendo objeto por la explotación que hizo del lote 113 de Amatlán. |
| 260 |
_aMéxico _bCompañía Mexicana de Petróleo el Águila _c1935 |
||
| 300 |
_a296 p. _bil. _c23 cm. |
||
| 500 | _aHistoria del litigio desde los primeros dispositivos de atraco en contra de El Águila hasta el amparo directo que interpuso esta sociedad contra la sentencia pronunciada por la tercera sala del tribunal superior de Justicia del Distrito Federal | ||
| 500 | _a7 anexos | ||
| 500 | _aEstado físico: Cubierta deteriorada | ||
| 500 | _aEjemplar igual a CFG12 | ||
| 500 | _aH58 | ||
| 610 | 2 | 4 |
_aCompañía Mexicana de Petróleo ´El Aguila´, S. A. _911755 |
| 650 | 1 | 4 |
_aAmparo _zMéxico _911756 |
| 650 | 1 | 4 |
_aIndustria del petróleo _zMéxico _911757 |
| 650 | 1 | 4 |
_aPetróleo _xLegislación _911758 |
| 650 | 1 | 4 |
_aPozos petroleros _911759 |
| 902 | _aGFM | ||
| 942 |
_2lcc _cB |
||
| 999 |
_c4348 _d4348 |
||